[Event "DVM U12w 2022"]
[Site "Berlin GER"]
[Date "2022.12.27"]
[Round "1"]
[White "Dominick, Johanna"]
[Black "Bauer, Laura Sophie"]
[Result "0-1"]
[Termination "normal"]
[Board "7.1"]
[WhiteElo "1431"]
[BlackElo "1388"]
[WhiteTeam "SC Borussia Lichtenberg"]
[BlackTeam "Schachfreunde Roding"]
[PlyCount "78"]
[WhiteFideId "16296532"]
[BlackFideId "16253647"]
[EventCountry "GER"]
[EventRounds "7"]
[EventType "team-swiss"]
[EventDate "2022.12.26"]

{unterminated} 1. d4 d5 2. Nf3 Nf6 3. e3 e6 4. Bd3 Bd6 5. O-O O-O 6. Nbd2 c5 7.
c3 b6 8. dxc5 bxc5 9. e4 Nbd7 10. exd5 exd5 11. c4 Bb7 12. cxd5 Bxd5 13. Bc4
Bc6 14. Re1 Qc7 15. Bb3 Rae8 16. Nc4 Bxf3 17. gxf3 Bxh2+ 18. Kf1 Rxe1+ 19. Kxe1
Ne5 20. Nxe5 Qxe5+ 21. Kd2 Rd8+ 22. Kc2 Qf5+ 23. Kc3 Rxd1 24. Bxd1 Be5+ 25. Kd2
Bd4 26. Be2 Bxf2 27. a3 Qd5+ 28. Kc2 Qf5+ 29. Bd3 Qxf3 30. Bd2 Qd5 31. Rf1 Bd4
32. Rf5 Qb7 33. Bc3 Bxc3 34. bxc3 Nd5 35. Kd2 Qb2+ 36. Bc2 Qxc3+ 37. Kc1 Qxa3+
38. Kd2 Qe3+ 39. Kd1 Nc3# 0-1

[Event "DVM U12w 2022"]
[Site "Berlin GER"]
[Date "2022.12.27"]
[Round "1"]
[White "Schwarzfischer, Julia"]
[Black "Klymenko, Mariia"]
[Result "1-0"]
[Termination "normal"]
[Board "7.2"]
[WhiteElo "1272"]
[BlackElo "996"]
[WhiteTeam "Schachfreunde Roding"]
[BlackTeam "SC Borussia Lichtenberg"]
[PlyCount "147"]
[WhiteFideId "16268105"]
[BlackFideId "34620621"]
[EventCountry "GER"]
[EventRounds "7"]
[EventType "team-swiss"]
[EventDate "2022.12.26"]

{unterminated} 1. e4 e5 2. Nf3 Nc6 3. Bc4 Nf6 4. d3 Bc5 5. c3 a5 6. Bg5 d6 7.
Nbd2 O-O 8. Nf1 Be6 9. Bb5 d5 10. exd5 Bxd5 11. Ne3 Bxe3 12. fxe3 e4 13. dxe4
Bxe4 14. O-O h6 15. Bxf6 Qxf6 16. Nd2 Qg6 17. Nxe4 Qxe4 18. Qf3 Qxf3 19. gxf3
Rfe8 20. Kf2 Rad8 21. Rad1 g5 22. Rg1 Kg7 23. e4 Kg6 24. Rd5 Re5 25. Bxc6 Rexd5
26. Bxd5 c6 27. Bb3 Rd2+ 28. Kg3 f5 29. Rg2 f4+ 30. Kh3 Rd7 31. Re2 h5 32. Be6
Rd1 33. Kg2 Kf6 34. Bc8 b5 35. e5+ Ke7 36. e6 Rd8 37. Bd7 g4 38. Re5 Rh8 39.
Rf5 Rh7 40. Rxf4 gxf3+ 41. Kxf3 Rg7 42. Kf2 c5 43. Rf5 h4 44. Rxc5 b4 45. cxb4
axb4 46. Rb5 h3 47. Rxb4 Rg2+ 48. Kf3 Rxh2 49. Kg3 Rh1 50. Rh4 Rb1 51. Kxh3
Rxb2 52. Ra4 Rb1 53. Kg2 Rb2+ 54. Kf3 Rb8 55. Ra7 Rf8+ 56. Ke4 Rh8 57. a4 Rh4+
58. Kd5 Rh5+ 59. Kc6 Rh1 60. Rc7 Rc1+ 61. Kb7 Rb1+ 62. Bb5+ Kxe6 63. Kb6 Rd1
64. a5 Rd8 65. a6 Rb8+ 66. Kc5 Ke5 67. a7 Rd8 68. Bc6 Rf8 69. a8=Q Rf6 70. Re7+
Kf4 71. Qa4+ Kg5 72. Rg7+ Kh5 73. Qg4+ Kh6 74. Qg5# 1-0

[Event "DVM U12w 2022"]
[Site "Berlin GER"]
[Date "2022.12.27"]
[Round "1"]
[White "Ali, Maha"]
[Black "Schwarzfischer, Ramona"]
[Result "1-0"]
[Termination "normal"]
[Board "7.3"]
[WhiteElo "1011"]
[BlackElo "796"]
[WhiteTeam "SC Borussia Lichtenberg"]
[BlackTeam "Schachfreunde Roding"]
[PlyCount "139"]
[WhiteFideId "34626581"]
[BlackFideId "16268113"]
[EventCountry "GER"]
[EventRounds "7"]
[EventType "team-swiss"]
[EventDate "2022.12.26"]

{unterminated} 1. d4 d5 2. c4 e6 3. Nf3 Nf6 4. Nc3 Bb4 5. Bg5 Nc6 6. e3 h6 7.
Bh4 Bd7 8. Bd3 O-O 9. O-O Na5 10. cxd5 Bxc3 11. bxc3 exd5 12. Qc2 Nc6 13. Ne5
Be8 14. Ng4 g5 15. Nxf6+ Qxf6 16. Bg3 Rc8 17. Bh7+ Kg7 18. Rab1 b6 19. a4 a5
20. Rb5 Rh8 21. Bd3 h5 22. h3 g4 23. h4 Bd7 24. Rxd5 Be6 25. Re5 Kf8 26. Rb5
Na7 27. Rb2 Nc6 28. Bb5 Bd7 29. Bxc6 Bxc6 30. Be5 Qxh4 31. Bxh8 g3 32. fxg3
Qxg3 33. Qh7 Qxe3+ 34. Kh1 Qh3+ 35. Kg1 Qe3+ 36. Kh2 Bd5 37. Rbf2 Qe7 38. Bg7+
Ke8 39. Bf6 Qd6+ 40. Be5 Qd7 41. Qg8+ Ke7 42. Qxf7+ Bxf7 43. Rxf7+ Ke6 44.
R1f6+ Kd5 45. Rxd7+ Kc4 46. Bxc7 b5 47. axb5 a4 48. Ra6 Kxb5 49. Rb6+ Kc4 50.
Rb4+ Kxc3 51. Rxa4 Kd3 52. Rf7 Kc3 53. d5 Kd3 54. Rf3+ Ke2 55. Re4+ Kd2 56.
Rf2+ Kd3 57. Re7 Kc4 58. Rf5 Kc5 59. d6+ Kc6 60. Rxh5 Kb7 61. Rb5+ Kc6 62. Rb6+
Kd5 63. d7 Rxc7 64. d8=Q+ Kc4 65. Qxc7+ Kd4 66. Rd7+ Ke4 67. Re6+ Kf5 68. Qe5+
Kg4 69. Rg7+ Kh4 70. Rh6# 1-0

[Event "DVM U12w 2022"]
[Site "Berlin GER"]
[Date "2022.12.27"]
[Round "1"]
[White "Richter, Johanna"]
[Black "Pogorzelczyk, Lena"]
[Result "1-0"]
[Termination "normal"]
[Board "8.1"]
[WhiteElo "1390"]
[BlackElo "942"]
[WhiteTeam "Sfr. Heidesheim"]
[BlackTeam "SV Heiden 62 e. V."]
[PlyCount "59"]
[WhiteFideId "16278925"]
[BlackFideId "34607439"]
[EventCountry "GER"]
[EventRounds "7"]
[EventType "team-swiss"]
[EventDate "2022.12.26"]

1. d4 d5 2. c4 e6 3. Nc3 Nf6 4. cxd5 exd5 5. Bg5 Be7 6. e3 h6 7. Bh4 Bf5 8. Qb3
b6 9. Bxf6 Bxf6 10. Qxd5 Qxd5 11. Nxd5 Bd8 12. Nc3 O-O 13. Nf3 Bf6 14. Be2 Nc6
15. a3 Bg4 16. h3 Bxf3 17. Bxf3 Rfe8 18. Bxc6 Bxd4 19. Bxa8 Bxc3+ 20. bxc3 Rxa8
21. Rd1 a5 22. Rd7 c5 23. c4 Rb8 24. a4 f6 25. Ke2 Kf8 26. Rhd1 Re8 27. R7d6
Rb8 28. Rd8+ Rxd8 29. Rxd8+ Ke7 30. Rb8 0-1

[Event "DVM U12w 2022"]
[Site "Berlin GER"]
[Date "2022.12.27"]
[Round "1"]
[White "Franzen, Karoline"]
[Black "Bakó, Isabella"]
[Result "0-1"]
[Termination "normal"]
[Board "8.2"]
[WhiteElo "881"]
[BlackElo "1202"]
[WhiteTeam "SV Heiden 62 e. V."]
[BlackTeam "Sfr. Heidesheim"]
[PlyCount "62"]
[WhiteFideId "34639667"]
[BlackFideId "16287266"]
[EventCountry "GER"]
[EventRounds "7"]
[EventType "team-swiss"]
[EventDate "2022.12.26"]

1. c4 e5 2. Nc3 Nf6 3. g3 g6 4. Bg2 Bg7 5. e4 O-O 6. Nge2 Nc6 7. O-O Nd4 8. d3
c6 9. b3 d5 10. Ba3 Re8 11. Bc5 dxe4 12. dxe4 Nxe2+ 13. Qxe2 Qa5 14. Qe3 Ng4
15. Bb4 Qxb4 16. Qe1 f5 17. Nd5 Qxe1 18. Ne7+ Rxe7 19. Raxe1 Nf6 20. Rd1 Be6
21. Rd2 Nxe4 22. Bxe4 fxe4 23. Rfd1 Rf8 24. h4 Bh6 25. Rd6 e3 26. fxe3 Bxe3+
27. Kh2 Rf2+ 28. Kh1 Bg4 29. R1d3 Bf3+ 30. Kg1 Rg2+ 31. Kf1 Rg1# 0-1

[Event "DVM U12w 2022"]
[Site "Berlin GER"]
[Date "2022.12.27"]
[Round "1"]
[White "Krannich, Eva"]
[Black "Makarova, Alexia"]
[Result "1/2-1/2"]
[Termination "normal"]
[Board "8.3"]
[WhiteElo "948"]
[BlackElo "876"]
[WhiteTeam "Sfr. Heidesheim"]
[BlackTeam "SV Heiden 62 e. V."]
[PlyCount "41"]
[WhiteFideId "34639713"]
[BlackFideId "34619682"]
[EventCountry "GER"]
[EventRounds "7"]
[EventType "team-swiss"]
[EventDate "2022.12.26"]

1. e3 e5 2. d4 exd4 3. exd4 d5 4. Bd3 Bd6 5. Nc3 c6 6. Nge2 Nf6 7. Bg5 Be6 8.
Qd2 Nbd7 9. O-O-O h6 10. Be3 Ng4 11. h3 Nxe3 12. Qxe3 Qf6 13. Rde1 O-O-O 14.
Kb1 Bf5 15. f3 Bxd3 16. Qxd3 Rde8 17. a3 Qg5 18. g4 Qh4 19. Rd1 Nb6 20. Nf4
Bxf4 21. Qf5+ 1/2-1/2

[Event "DVM U12w 2022"]
[Site "Berlin GER"]
[Date "2022.12.27"]
[Round "1"]
[White "Hofmeier, Viktoria"]
[Black "Prokscha, Charlotte"]
[Result "0-1"]
[Termination "normal"]
[Board "9.1"]
[WhiteElo "988"]
[BlackElo "1430"]
[WhiteTeam "SC Garching 1980 e.V. 2"]
[BlackTeam "SC Garching 1980 e.V. 1"]
[PlyCount "76"]
[WhiteFideId "34639675"]
[BlackFideId "34614699"]
[EventCountry "GER"]
[EventRounds "7"]
[EventType "team-swiss"]
[EventDate "2022.12.26"]

1. e4 c5 2. Nc3 e6 3. d3 d5 4. g3 b6 5. Bg2 Bb7 6. f4 d4 7. Nce2 Nf6 8. c3 dxc3
9. Nxc3 Qd7 10. Nf3 Nc6 11. Qd2 Rd8 12. Bf1 Ba6 13. e5 Nd5 14. d4 Bxf1 15. Rxf1
Nxc3 16. bxc3 cxd4 17. cxd4 Bb4 18. Kf2 Bxd2 19. Bxd2 Nxd4 20. Nxd4 Qxd4+ 21.
Be3 Qb2+ 22. Kf3 O-O 23. Kg4 Qe2+ 24. Rf3 h5+ 25. Kh3 Qxf3 26. Bc1 Rd1 27. Bb2
Rxa1 28. Bxa1 Qf1+ 29. Kh4 Qxa1 30. Kxh5 g6+ 31. Kg5 Qg1 32. g4 Qxh2 33. Kf6
Re8 34. f5 exf5 35. Kg5 Rxe5 36. gxf5 Rxf5+ 37. Kg4 Rf4+ 38. Kg5 Qh4# 0-1

[Event "DVM U12w 2022"]
[Site "Berlin GER"]
[Date "2022.12.27"]
[Round "1"]
[White "Doberchak, Emily Alice"]
[Black "Piffczyk, Sandra"]
[Result "0-1"]
[Termination "normal"]
[Board "9.2"]
[WhiteElo "883"]
[BlackElo "965"]
[WhiteTeam "SC Garching 1980 e.V. 1"]
[BlackTeam "SC Garching 1980 e.V. 2"]
[PlyCount "61"]
[WhiteFideId "34630139"]
[BlackFideId "34630309"]
[EventCountry "GER"]
[EventRounds "7"]
[EventType "team-swiss"]
[EventDate "2022.12.26"]

1. e4 e5 2. Nf3 Nc6 3. Bc4 Bc5 4. Nc3 Nf6 5. d3 O-O 6. Bd2 d6 7. Qe2 Bg4 8.
O-O-O h6 9. Rdf1 Qd7 10. h3 Bh5 11. g4 Bg6 12. Nh4 Bh7 13. Nf5 Rfe8 14. h4 g6
15. Nxh6+ Kg7 16. g5 Nh5 17. Nd5 Rf8 18. f4 Ng3 19. Qg2 Nxf1 20. Qxf1 Nd4 21.
Qd1 Qa4 22. h5 b5 23. Bb3 Nxb3+ 24. cxb3 Qxa2 25. Nc3 Qa1+ 26. Nb1 Bd4 27. Bc3
Bxc3 28. bxc3 Rab8 29. hxg6 fxg6 30. f5 gxf5 31. exf5 {nicht weiter
nachvollziehbar} 0-1

[Event "DVM U12w 2022"]
[Site "Berlin GER"]
[Date "2022.12.27"]
[Round "1"]
[White "Werner, Amelie"]
[Black "Berger, Jennifer"]
[Result "0-1"]
[Termination "normal"]
[Board "9.3"]
[WhiteElo "872"]
[BlackElo "918"]
[WhiteTeam "SC Garching 1980 e.V. 2"]
[BlackTeam "SC Garching 1980 e.V. 1"]
[PlyCount "132"]
[WhiteFideId "34639900"]
[BlackFideId "34630074"]
[EventCountry "GER"]
[EventRounds "7"]
[EventType "team-swiss"]
[EventDate "2022.12.26"]

1. e4 e5 2. Nf3 Nc6 3. Bc4 Bc5 4. c3 d6 5. d4 Bb6 6. dxe5 Nxe5 7. Nxe5 dxe5 8.
Qxd8+ Kxd8 9. Bxf7 Nf6 10. Bg5 h6 11. Bh4 g5 12. Bg3 Nxe4 13. Nd2 Nxd2 14. Kxd2
Rf8 15. Bb3 Bxf2 16. Rhf1 Bg4 17. Rxf2 Re8 18. h3 Bh5 19. Bf7 Bxf7 20. Rxf7 h5
21. Bxe5 Re7 22. Rxe7 Kxe7 23. Bxc7 Rc8 24. Re1+ Kd7 25. Bg3 Rd8 26. Re3 h4 27.
Bf2 Kc8+ 28. Rd3 Rf8 29. Rf3 Rd8+ 30. Kc2 Re8 31. Re3 Rf8 32. Be1 Rf1 33. Bd2
Rf2 34. Kd3 Rxg2 35. Re2 Rg3+ 36. Re3 Rg2 37. c4 a6 38. Bc3 Kd7 39. Bf6 g4 40.
Bxh4 gxh3 41. Rxh3 Rxb2 42. a4 Rb3+ 43. Ke4 Rxh3 44. Bf6 Ra3 45. Kd5 Rxa4 46.
c5 a5 47. Bd4 Ra3 48. Bb2 Ra2 49. Bh8 Rd2+ 50. Kc4 Kc6 51. Bc3 Rc2 52. Kd4 a4
53. Kc4 a3 54. Kb3 Rxc3+ 55. Kxc3 Kxc5 56. Kb3 b5 57. Kxa3 Kc4 58. Kb2 Kb4 59.
Kb1 Ka3 60. Ka1 b4 61. Kb1 Kb3 62. Ka1 Kc2 63. Ka2 b3+ 64. Ka3 b2 65. Ka2 b1=Q+
66. Ka3 Qb3# 0-1

[Event "DVM U12w 2022"]
[Site "Berlin GER"]
[Date "2022.12.27"]
[Round "1"]
[White "Anaparthi, Anika"]
[Black "Piffczyk, Claudia"]
[Result "0-1"]
[Termination "normal"]
[Board "9.4"]
[WhiteElo "833"]
[BlackElo "840"]
[WhiteTeam "SC Garching 1980 e.V. 1"]
[BlackTeam "SC Garching 1980 e.V. 2"]
[PlyCount "142"]
[WhiteFideId "34639608"]
[BlackFideId "34639829"]
[EventCountry "GER"]
[EventRounds "7"]
[EventType "team-swiss"]
[EventDate "2022.12.26"]

1. e4 e5 2. Nf3 Nc6 3. Nc3 Nf6 4. Bb5 Bc5 5. Bxc6 bxc6 6. Nxe5 d6 7. Nf3 O-O 8.
O-O Bg4 9. d3 Re8 10. h3 Bh5 11. Bg5 h6 12. Bh4 Qe7 13. Re1 Rad8 14. d4 Bb4 15.
a3 Ba5 16. b4 Bb6 17. e5 dxe5 18. Rxe5 Qxe5 19. dxe5 Rxd1+ 20. Nxd1 Bxf3 21.
gxf3 Rxe5 22. Bxf6 Re1+ 23. Kg2 gxf6 24. Rb1 c5 25. b5 c4 26. Nc3 Re5 27. Rg1
Kh7 28. f4 Rf5 29. Ne2 Rxb5 30. Rd1 Rb2 31. c3 Rxe2 32. Rf1 Be3 33. a4 Rc2 34.
a5 Rxc3 35. Rd1 Rc2 36. Rd7 Rxf2+ 37. Kg3 Kg7 38. Rxc7 -- 39. Rxc4 Bd2 40. a6
Re2 41. Kf3 Re3+ 42. Kg2 Ra3 43. Rd4 Ra2 44. Kf3 Ra3+ 45. Kg4 Be3 46. Re4 Bc5
47. Rc4 Bb6 48. Rc2 Rxa6 49. Kh4 Be3 50. Rg2+ Kh7 51. Kg4 Ra4 52. Re2 Rxf4+ 53.
Kg3 Re4 54. Kf3 Re5 55. Rxe3 Rxe3+ 56. Kxe3 a5 57. Kd3 f5 58. Kc3 f4 59. Kd2 a4
60. Kc2 f3 61. Kd2 a3 62. Kc2 f2 63. Kb3 f1=Q 64. Kxa3 Qxh3+ 65. Kb2 f5 66. Ka1
f4 67. Kb1 f3 68. Ka2 f2 69. Kb2 f1=R 70. Kc2 Rf2+ 71. Kc1 Qf1# 0-1